| 000 | 00381nam a2200145Ia 4500 | ||
|---|---|---|---|
| 005 | 20250729165754.0 | ||
| 008 | 250729s2011 xx 000 0 und d | ||
| 041 | _aeng | ||
| 082 | _a420.25 MARE | ||
| 100 |
_aMary Spratt _9232637 |
||
| 245 | _aEnglish for the Teacher | ||
| 260 |
_aUnited Kingdom _bCambridge University Press _c2011 |
||
| 300 | _a158p | ||
| 650 |
_aEnglish _9232638 |
||
| 999 |
_c239882 _d239882 |
||